| 000 -LEADER |
| fixed length control field |
00883cam a2200265 a 4500 |
| 020 ## - INTERNATIONAL STANDARD BOOK NUMBER |
| ISBN |
0140469184 : |
| 040 ## - CATALOGING SOURCE |
| Transcribing agency |
DLC |
| 082 00 - DEWEY DECIMAL CLASSIFICATION NUMBER |
| Classification number |
780 PEN 1992 A086 Or. |
| 100 1# - MAIN ENTRY--AUTHOR NAME |
| Personal name |
March, Ivan. |
| 245 14 - TITLE STATEMENT |
| Title |
The Penguin guide to compact discs and cassettes / |
| 250 ## - EDITION STATEMENT |
| Edition statement |
New ed. |
| 260 ## - PUBLICATION, DISTRIBUTION, ETC. (IMPRINT) |
| Place of publication |
London ; |
| -- |
New York : |
| Name of publisher |
Penguin Books, |
| Year of publication |
1992. |
| 300 ## - PHYSICAL DESCRIPTION |
| Number of Pages |
xviii, 1348 p. ; |
| Dimensions |
24 cm. |
| 490 0# - SERIES STATEMENT |
| Series statement |
Penguin handbooks |
| 500 ## - GENERAL NOTE |
| General note |
A distillation of: The Penguin guide to compact discs ; The Penguin guide to compact discs and cassettes yearbook, 1991/2 / Edward Greenfield, Albert Layton, and Ivan March. |
| 500 ## - GENERAL NOTE |
| General note |
"A Penguin original"--Label on cover. |
| 650 #0 - SUBJECT ADDED ENTRY--TOPICAL TERM |
| Topical Term |
Compact discs |
| 650 #0 - SUBJECT ADDED ENTRY--TOPICAL TERM |
| Topical Term |
Audiocassettes |
| 650 #0 - SUBJECT ADDED ENTRY--TOPICAL TERM |
| Topical Term |
Music |
| 700 1# - ADDED ENTRY--PERSONAL NAME |
| Personal name |
Greenfield, Edward. |
| 700 1# - ADDED ENTRY--PERSONAL NAME |
| Personal name |
Layton, Robert, |
| 700 1# - ADDED ENTRY--PERSONAL NAME |
| Personal name |
Greenfield, Edward. |
| 700 1# - ADDED ENTRY--PERSONAL NAME |
| Personal name |
Greenfield, Edward. |
| 942 ## - ADDED ENTRY ELEMENTS (KOHA) |
| Koha item type |
សៀវភៅភាសាអង់គ្លេស |
| 952 ## - LOCATION AND ITEM INFORMATION (KOHA) |
| Withdrawn status [LOCAL, KOHA] |
0 |